Harry-Potter-Charaktere - Statistiken

Allgemein
  • Dieses Quiz wurde 182 mal gespielt
  • Das Durchschnittsergebnis liegt bei 191 aus 621
Antwortstatistiken
Art Geschlecht Hinweis Antwort % Korrekt
Zauberer m Der Auserwählte Harry James Potter
92%
Zauberer m Harrys bester Freund Ronald Bilius "Ron" Weasley
92%
Zauberer w Gryffindor student who began attending Hogwarts in 1992 Ginevra Molly "Ginny" Weasley
90%
Zauberer m Gryffindor-Schüler, der 1989 seine Ausbildung in Hogwarts begann und als Treiber der Gryffindor-Quidditch-Mannschaft spielte Fred Weasley I
89%
Zauberer m Berühmtester Schulleiter von Hogwarts, „Ganz hohes Tier“ der Internationalen Vereinigung von Zauberern sowie langjähriger Großmeister des Zaubergamots Albus Percival Wulfric Brian Dumbledore
88%
Zauberer m Mitglied des Ordens des Phönix während des Zweiten Zaubererkriegs Arthur Weasley
88%
Zauberer m Slytherin-Schüler, der 1991 seine Ausbildung in Hogwarts begann und später in die Reihen der Todesser aufgenommen wurde Draco Lucius Malfoy
88%
Zauberer m Gryffindor-Schüler, der 1989 seine Ausbildung in Hogwarts begann und als Treiber der Gryffindor-Quidditch-Mannschaft spielte George Weasley
88%
Zauberer w Mitglied des Ordens des Phönix während des Zweiten Zaubererkriegs Molly Weasley
88%
Zauberer m Mitglied des Ordens des Phönix und Harrys Patenonkel; Animagus Sirius "Tatze" Black III
88%
Zauberer m Du-weißt-schon-wer Tom Vorlost Riddle "Lord Voldemort"
88%
Zauberer m Mitglied des Ordens des Phönix während des Zweiten Zaubererkriegs und später Mann der Trimagischen Championin für Beauxbatons von 1994 William Arthur "Bill" Weasley
88%
Zauberer m Eigentümer und Wirt des „Eberkopfs“ Aberforth Dumbledore
87%
Zauberer w Britische muggelstämmige Hexe und Harrys beste Freundin Hermine Jean Granger
87%
Zauberer w Harrys Tochter Lily Luna Potter
87%
Zauberer m Zauberer, der als Juniorassistent des Zaubereiministers arbeitet Percy Ignatius "Perce" Weasley
87%
Halbmenschen m Halbriese, Wildhüter und später Professor für Pflege magischer Geschöpfe in Hogwarts Rubeus Hagrid
87%
Zauberer m Mitglied des Ordens des Phönix während des Ersten und Zweiten Zaubererkriegs, Professor für Zaubertränke, Verteidigung gegen die dunklen Künste und später Schulleiter von Hogwarts Severus Snape
87%
Zauberer w Junge Hexe, die von Muggeljungen angegriffen wurde, während sie als Minderjährige Magie praktizierte; Obscurial Ariana Dumbledore
86%
Zauberer m Mitglied des Ordens des Phönix während des Zweiten Zaubererkriegs und Magiezoologe und Drachenforscher Charles "Charlie" Weasley
86%
Zauberer m Harrys erster Sohn James Sirius Potter
86%
Zauberer m Vater des Wildhüters von Hogwarts Mr Hagrid
86%
Muggel m Britischer Muggel mit gewalttätigen Tendenzen, Vater eines Hogwarts-Professors Tobias Snape
86%
Zauberer w Verbündete der Todesser im Ersten und Zweiten Zaubererkrieg und Mutter eines Slytherin-Schülers Narzissa "Zissy" Malfoy
85%
Zauberer m Mitglied des Ordens des Phönix während des Ersten und Zweiten Zaubererkriegs und ehemaliger Professor für Verteidigung gegen die dunklen Künste in Hogwarts; Werwolf Remus John "Moony" Lupin
85%
Zauberer w Tochter von Harrys besten Freunden Rose "Rosie" Granger-Weasley
85%
Zauberwesen m Hauself, der im Zweiten Zaubererkrieg getötet wurde Dobby
84%
Zauberer m Hufflepuff-Schüler, der 2009 seine Ausbildung in Hogwarts begann; Metamorphmagus Edward Remus "Teddy" Lupin
84%
Zauberer m Sohn von Harrys besten Freunden Hugo Granger-Weasley
84%
Zauberer m Harrys Vater; Animagus James "Krone" Potter
84%
Zauberer w Britische muggelstämmige Hexe und Mutter des berühmtesten Schulleiters von Hogwarts Kendra Dumbledore
84%
Zauberer m Harrys zweiter Sohn Albus Severus Potter
83%
Squibs m Hausmeister in Hogwarts Argus Filch
83%
Muggel m Britischer Muggel und Harrys Cousin Dudley Dursley
83%
Zauberer w Harrys Mutter Lily J. Potter
83%
Zauberer m Todesser während des Ersten und Zweiten Zaubererkriegs und Vater eines Slytherin-Schülers Lucius Malfoy II
83%
Zauberer m Britischer Zauberer und Vater des berühmtesten Schulleiters von Hogwarts Percival Dumbledore
83%
Muggel m Vater von Du-weißt-schon-wem Tom Riddle Senior
83%
Zauberer w Tante des berühmtesten Schulleiters von Hogwarts Honoria Dumbledore
82%
Muggel w Britische Muggelfrau und Harrys Tante Petunia Dursley
82%
Zauberer m Zauberer und ehemaliger Todesser, der versuchte, einen der Horkruxe von Du-weißt-schon-wem zu zerstören Regulus Arcturus Black
82%
Muggel m Britischer Muggel und Harrys Onkel Vernon Dursley
82%
Zauberer m Zauberer, der posthum aus dem Familienstammbaum entfernt wurde, da er seinem von der Familie verstoßenen Neffen eine ansehnliche Menge an Geld vererbt hatte Alphard Black
81%
Zauberer w Hexe, die die Muggeljagd legalisieren wollte Araminta Meliflua Black
81%
Zauberer m Zauberer, der aufgrund einer großen Geldspende an das Zaubereiministerium mit dem Merlin-Orden erster Klasse ausgezeichnet wurde Arcturus Black III
81%
Zauberer m Britischer Zauberer und lebenslanger Junggeselle Bilius Weasley
81%
Zauberer w Hexe, die das Aufhängen von Hauselfenköpfen an der Wand ihres Familienhauses eingeführt hat Elladora Black
81%
Zauberer m Vater von Harrys Patenonkel Orion Black
81%
Zauberer m Unbeliebtester Schulleiter in der Geschichte von Hogwart Phineas Nigellus Black
81%
Halbmenschen w Teilveela, Hogwarts-Schülerin in den 2010er Jahren und Tochter der Trimagischen Championin für Beauxbatons im Jahr 1994 Victoire Weasley
81%
Zauberer w Mutter von Harrys Patenonkel Walburga Black
81%
Zauberer w Professorin für Verwandlung in Hogwarts; Animagus Minerva McGonagall
80%
Zauberer m Gryffindor-Schüler, der 1991 seine Ausbildung in Hogwarts begann und später den letzten Horkrux von Du-weißt-schon-wem zerstörte Neville Longbottom
80%
Zauberer w Todesserin im Ersten und Zweiten Zaubererkrieg und treueste Dienerin von Du-weißt-schon-wem Bellatrix "Bella" Lestrange
79%
Halbmenschen w Viertelveela, französische Hexe und Trimagische Championin für Beauxbatons im Jahr 1994 Fleur Isabelle Delacour
79%
Zauberer w Ravenclaw-Schülerin, die 1992 ihre Ausbildung in Hogwarts begann und von Mitschülern oft als unnormal und etwas verrückt angesehen wird Luna Lovegood
79%
Zauberer w Erste Untersekretärin des Zaubereiministers und zweitweise Professorin für Verteidigung gegen die dunklen Künste, Großinquisitorin und Schulleiterin in Hogwarts Dolores Jane Umbridge
78%
Nichtmagische Tierwesen w Schneeeule, Harrys Haustier Hedwig
78%
Geistwesen w Geist, Hausgeist von Ravenclaw Helena Ravenclaw "Die Graue Dame"
78%
Muggel w Britische Muggelfrau, die Bulldoggen züchtet Magdalene Helene "Magda" Dursley
78%
Zauberer m Todesser während des Ersten und Zweiten Zaubererkriegs, der seine besten Freunde an Du-weißt-schon-wen verriet; Animagus Peter "Wurmschwanz" Pettigrew
78%
Zauberer m Britischer Zauberer, der an den Drachenpocken starb Abraxas Malfoy
77%
Zauberer m Herausgeber der muggelfeindlichen Zeitrschrift „Magischer Krieger“ Brutus Malfoy
77%
Muggel w Walisische Muggelfrau, Mutter eines Werwolfs Hope Lupin
77%
Zauberer m Weltweit anerkannter Experte für nicht-menschliche, geisterhafte Erscheinungen und Vater eines Werwolfs Lyall Lupin
77%
Geistwesen w Geist, Hogwarts-Schülerin, die 1943 von Slytherins Basilisken getötet wurde Myrte Elizabeth "Die Maulende Myrte" Warren
77%
Zauberer m Slytherin-Schüler, der 2017 seine Ausbildung in Hogwarts begann Scorpius Hyperion Malfoy
77%
Geistwesen m Geist, Hausgeist von Gryffindor Sir Nicholas de Mimsy-Porpington "Der Fast Kopflose Nick"
77%
Zauberer m Trimagischer Champion für Durmstrang im Jahr 1994 Viktor Krum
77%
Zauberer m Trimagischer Champion für Hogwarts im Jahr 1994, der von einem Todesser getötet wird Cedric Diggory
76%
Zauberer m Bulgarischer Zauberer und Vater des Trimagischen Champions für Durmstrang im Jahr 1994 Mr Krum
76%
Zauberer w Bulgarische Hexe und Mutter des Trimagischen Champions für Durmstrang im Jahr 1994 Mrs Krum
76%
Zauberer w Eine der vier Gründer der Hogwarts-Schule für Hexerei und Zauberei Rowena Ravenclaw
76%
Halbmenschen w Viertelveela, französische Hexe und jüngere Schwester der Trimagischen Championin für Beauxbatons im Jahr 1994 Gabrielle Delacour
75%
Zauberer w Harrys Großmutter väterlicherseits Euphemia Potter
74%
Zauberer m Harrys Großvater väterlicherseits Fleamont Potter
74%
Zauberer m Einer der vier Gründer der Hogwarts-Schule für Hexerei und Zauberei Godric Gryffindor
74%
Zauberer m Gryffindor-Schüler, der 1989 seine Ausbildung in Hogwarts begann und bei den Hogwarts-Quidditch-Spielen als Stadionsprecher fungierte Lee Jordan
74%
Zauberer m Einer der vier Gründer der Hogwarts-Schule für Hexerei und Zauberei Salazar Slytherin
74%
Muggel m Großvater väterlicherseits von Du-weißt-schon-wem Thomas Riddle
74%
Halbmenschen m Teilkobold, Professor für Zauberkunst in Hogwarts Filius Flitwick
73%
Zauberer m Mitglied des Ordens des Phönix während des Ersten Zaubererkriegs, das gefoltert wurde, bis es den Verstand verlor Frank C. J. Longbottom
73%
Zauberer w Eine der vier Gründer der Hogwarts-Schule für Hexerei und Zauberei Helga Hufflepuff
73%
Zauberer w Mitglied des Ordens des Phönix während des Zweiten Zaubererkriegs; Metamorphmagus Nymphadora "Dora" Tonks
73%
Zauberer m Herausgeber der Zeitschrift „Der Klitterer“ Xenophilius "Xeno" Lovegood
73%
Zauberer w Mitglied des Ordens des Phönix während des Ersten Zaubererkriegs, das gefoltert wurde, bis es den Verstand verlor Alice Longbottom
72%
Zauberer w Britische Hexe mit einem zerfledderten Geierhut und Großmutter eines Gryffindor-Schülers Augusta Longbottom
72%
Zauberer w Ravenclaw-Schülerin, die 1990 ihre Ausbildung in Hogwarts begann und kurzzeitig mit Harrys zusammen war Cho Chang
72%
Zauberer m Slytherin-Schüler, der 1991 seine Ausbildung in Hogwarts begann Gregory Goyle
72%
Zauberer w Gryffindor-Schülerin, die 1990 ihre Ausbildung in Hogwarts begann und als Jägerin in der Gryffindor-Quidditch-Mannschaft spielte Katie Bell
72%
Zauberer m Todesser während des Ersten und Zweiten Zaubererkriegs Rodolphus Lestrange II
72%
Zauberer m Mitglied des Ordens des Phönix während des Ersten und Zweiten Zaubererkriegs und Ex-Auror Alastor "Mad-Eye" Moody
71%
Zauberer m Britischer Zauberer und Großonkel eines Gryffindor-Schülers Algie Longbottom
71%
Zauberer w Britische Hexe und Verbündete des Ordens des Phönix Andromeda "Dromeda" Tonks
71%
Muggel m Schottischer Muggel Angus Fleet
71%
Halbmenschen w Halbveela, französische Hexe und Mutter der Trimagischen Championin für Beauxbatons im Jahr 1994 Apolline Delacour
71%
Zauberer m Britischer muggelstämmiger Zauberer und Verbündeter des Ordens des Phönix Edward "Ted" Tonks
71%
Zauberer w Britische Hexe und Großtante eines Gryffindor-Schülers Enid Longbottom
71%
Zauberer m Gründer der „Extraordinären Zunft der Trankmeister“ Hector Dagworth-Granger
71%
Zauberer m Französischer Zauberer und Vater der Trimagischen Championin für Beauxbatons im Jahr 1994 Monsieur Delacour
71%
Zauberer m Todesser während des Ersten und Zweiten Zaubererkriegs Mr Goyle
71%
Muggel m Britischer Zahnarzt, Vater von Harrys bester Freundin Mr Granger
71%
Zauberer m Britischer Zauberer und Großvater eines Gryffindor-Schülers Mr Longbottom
71%
Zauberer w Britische Hexe und Frau eines Todessers Mrs Goyle
71%
Muggel w Britische Zahnärztin, Mutter von Harrys bester Freundin Mrs Granger
71%
Zauberer w Außergewöhnliche Hexe, die gerne mit Zaubersprüchen experimentierte, was schließlich zu ihrem Tod führte Pandora Lovegood
71%
Zauberer m Todesser während des Ersten und Zweiten Zaubererkriegs Rabastan Lestrange
71%
Zauberer m Gryffindor-Schüler, der 1991 seine Ausbildung in Hogwarts begann Seamus Finnigan
71%
Zauberer m Magizoologe und Seher, der einer der vier Personen war, die halfen, ein Drachenbaby aus Hogwarts zu holen Barnaby Abernathy Lee
70%
Zauberer m Slytherin-Schüler in den 1940er Jahren und Mitglied im Slug-Klub Lestrange
70%
Muggel w Großmutter väterlicherseits von Du-weißt-schon-wem Mary Riddle
70%
Zauberer m Zauberer, der in der Abteilung zur Führung und Aufsicht Magischer Geschöpfe arbeitet, Vater des Trimagischen Champions für Hogwarts im Jahr 1994 Amos Diggory
69%
Zauberer m Gryffindor-Schüler, der 1991 seine Ausbildung in Hogwarts begann Dean Thomas
69%
Zauberer m Slytherin-Schüler, der 1991 seine Ausbildung in Hogwarts begann und bei der Schlacht von Hogwarts durch sein eigens heraufbeschworenes Dämonenfeuer umkommt Vincent Crabbe
69%
Zauberer w Britische Hexe und Mutter des Trimagischen Champions für Hogwarts im Jahr 1994 Mrs Diggory
68%
Zauberwesen m Hauself, arbeitet im Grimmauldplatz Nr. 12 Kreacher
67%
Zauberer m Britischer Zauberer, Vater einer Gryffindor-Schülerin Mr Bell
67%
Zauberer w Britische Hexe, Mutter einer Gryffindor-Schülerin Mrs Bell
67%
Zauberer m Selbstverliebter Autor und ehemaliger Professor für Verteidigung gegen die dunklen Künste in Hogwarts Gilderoy Lockhart
66%
Zauberer m Todesser während des Ersten und Zweiten Zaubererkriegs Mr Crabbe
65%
Zauberer m Zweiunddreißigster Minister des Britischen Zaubereiministeriums von 1990 bis 1996 Cornelius Oswald Fudge
64%
Geistwesen m Geist, Hausgeist von Slytherin Der Blutige Baron
64%
Zauberer m Berühmter britischer Zauberstabmacher mit einem eigenen Geschäft in der Winkelgasse Garrick Ollivander
64%
Zauberer w Hufflepuff-Vertrauensschülerin, die 1991 ihre Ausbildung in Hogwarts begann Hannah Abbott
64%
Zauberer w Britische Hexe und Ehefrau des zweiunddreißigsten Ministers des britischen Zaubereiministeriums Mrs Fudge
64%
Halbmenschen w Halbriesin, Schulleiterin von Beauxbatons Olympe Maxime
64%
Zauberer w Professorin für Wahrsagerei in Hogwarts; Seherin Sybill Patricia Trelawney
64%
Magische Tierwesen m Monströser dreiköpfiger Hund, der den Stein der Weisen bewacht Fluffy
63%
Zauberer m Dunkler Zauberer und früherer Meister des Elderstabs; Seher Gellert Grindelwald
63%
Zauberer w Professorin für Kräuterkunde in Hogwarts Pomona Sprout
63%
Zauberer m Kneipenwirt des Londoner Pubs „Zum Tropfenden Kessel“ Tom
63%
Nichtmagische Tierwesen m Kniesel-Katzenmischling, Haustier von Harrys bester Freundin Krummbein
62%
Geistwesen m Poltergeist, lebt in Hogwarts und verbreitet Ärger und Chaos Peeves
62%
Zauberer m Todesser während des Ersten und Zweiten Zaubererkriegs Bartemius "Barty" Crouch Junior
61%
Zauberer m Leiter der Abteilung für internationale magische Zusammenarbeit Bartemius "Barty" Crouch Senior
61%
Zauberer m Professor für Zaubertränke in Hogwarts Horace Eugene Flaccus Slughorn
61%
Zauberer w Klatsch- und Tratschreporterin für den Tagespropheten; Animagus Rita Kimmkorn
61%
Squibs w Mitglied des Ordens des Phönix während des Ersten und Zweiten Zaubererkriegs Arabella Doreen Figg
60%
Magische Tierwesen m Acromantula, die im Verbotenen Wald lebt Aragog
60%
Zauberer m Gryffindor-Schüler, der 1992 seine Ausbildung in Hogwarts begann und bei der Schlacht von Hogwarts umkommt Colin Creevey
60%
Zauberer m Gryffindor-Schüler, der 1987 seine Ausbildung in Hogwarts begann und als Kapitän und Hüter der Gryffindor-Quidditch-Mannschaft spielte Oliver Wood
60%
Zauberer w Ravenclaw-Schülerin, die 1991 ihre Ausbildung in Hogwarts begann Padma Patil
60%
Zauberer w Gryffindor-Schülerin, die 1991 ihre Ausbildung in Hogwarts begann Parvati Patil
59%
Zauberer m Ehemaliger Professor für Verteidigung gegen die dunklen Künste in Hogwarts und Verbündeter von Du-weißt-schon-wem Quirinus Quirrell
59%
Zauberer m Gryffindor-Schüler, der 1994 seine Ausbildung in Hogwarts begann Dennis Creevey
58%
Geistwesen m Geist, Hausgeist von Hufflepuff Der Fette Mönch
58%
Zauberer m Sucher der Irischen Quidditch-Nationalmannschaft Aidan Lynch
57%
Muggel m Irischer Muggel, Vater eines Gryffindor-Schülers Mr Finnigan
57%
Zauberer w Irische Hexe und Mutter eines Gryffindor-Schülers Mrs Finnigan
57%
Zauberer w Hexe auf dem Porträt, das den Eingang zum Gryffindor-Gemeinschaftsraum bewacht Die Fette Dame
56%
Zauberer w Britische Hexe und Mutter von Du-weißt-schon-wem Merope Gaunt
56%
Zauberer m Britischer Zauberer und Onkel von Du-weißt-schon-wem Morfin Gaunt
56%
Zauberer m Britischer Zauberer und Vater von zwei Hogwarts- Schülerinnen Mr Patil
56%
Zauberer w Hexe, die ihrem Sohn zur Flucht aus Askaban verhalf Mrs Crouch
56%
Zauberer w Britische Hexe und Mutter von zwei Hogwarts- Schülerinnen Mrs Patil
56%
Magische Tierwesen m Hippogreif, der 1994 seiner Hinrichtung entkam Seidenschnabel (Federflügel)
56%
Zauberer m Hogwarts-Schüler in den 1990er Jahren Thomas Vane
56%
Zauberer m Britischer Zauberer und Großvater von Du-weißt-schon-wem Vorlost Gaunt
56%
Zauberer w Gryffindor-Schülerin, die 1991 ihre Ausbildung in Hogwarts begann und kurzzeitig mit Harrys bestem Freund zusammen war Lavender Brown
55%
Muggel m Milchmann Mr Creevey
55%
Zauberer w Britische Hexe und Mutter eines Gryffindor-Schülers Mrs Wood
55%
Zauberer m Britischer Zauberer und Vater eines Gryffindor-Schülers Mr Wood
55%
Zauberer m Französischer Zauberer und Alchemist, dem es als Einzigem gelang, den „Stein der Weisen“ herzustellen Nicolas Flamel
55%
Zauberer w Fluglehrerin in Hogwarts Rolanda Hooch
55%
Nichtmagische Tierwesen w Katze, Haustier des Hausmeisters von Hogwarts Mrs Norris
54%
Magische Tierwesen w Indonesische Maledictus, die sich in eine Schlange verwandelte Nagini
54%
Zauberer w Heilerin im Krankenflügel der Hogwarts-Schule Poppy Pomfrey
54%
Zauberer m Schulleiter von Durmstrang und ehemaliger Todesser Igor Karkaroff
53%
Zauberer m Zauberer, der in der Aurorenzentrale arbeitet John Dawlish
52%
Zauberer m Fünfunddreißigster Minister des Britischen Zaubereiministeriums Kingsley Shacklebolt
52%
Zauberer w Leiterin der Abteilung für Magische Strafverfolgung, die 1996 von Du-weißt-schon-wem ermordet wurde Amelia Susan Bones
51%
Zauberer w Berühmte Wahrsagerin und Seherin Cassandra Trelawney
51%
Muggel w Britische Muggelfrau, Mutter eines Gryffindor-Schülers Mrs Thomas
51%
Zauberer m Britischer Zauberer, der um 1980 starb Mr Thomas
51%
Zauberer m Magizoologe und Autor von „Phantastische Tierwesen und wo sie zu finden sind“ Newton Artemis Fido "Newt" Scamander
51%
Zauberer w Eine der ältesten Hexen der Geschichte und Ehefrau eines berühmten französischen Alchemisten Perenelle Flamel
51%
Zauberwesen w Hauself, der in Hogwarts beschäftigt ist Winky
51%
Zauberer w Gryffindor-Schülerin, die 1989 ihre Ausbildung in Hogwarts begann und als Jägerin der Gryffindor-Quidditch-Mannschaft spielte Angelina Johnson
50%
Zauberer w Magische Historikerin und Autorin von „Geschichte der Zauberei“ Bathilda Bagshot
50%
Geistwesen m Geist, Professor für Geschichte der Zauberei in Hogwarts Cuthbert Binns
50%
Magische Tierwesen m Phönix, der Slytherins Basilisken geblendet hat Fawkes
50%
Magische Tierwesen m Zentaur aus dem Verbotenen Wald und später Professor für Wahrsagen in Hogwarts Firenze
50%
Zauberer w Angestellte des Britischen Zauberministeriums und Mutter einer Ravenclaw-Schülerin Madam Chang
50%
Zauberer m Britischer Zauberer und Vater einer Ravenclaw-Schülerin Mr Chang
50%
Zauberer w Britische Hexe und Mutter eines Todessers Mrs Pettigrew
50%
Zauberer w Hufflepuff-Schülerin, die 1991 ihre Ausbildung in Hogwarts begann Susan Bones
50%
Zauberer w Britische Hexe, die 1996 von Todessern getötet wurde, Mutter einer Hufflepuff-Schülerin Mrs Abbott
49%
Zauberer m Mitglied des Ordens des Phönix während des Ersten und Zweiten Zaubererkriegs, der als Feigling bekannt war Mundungus "Dung" Fletcher
49%
Zauberer m Zauberer, der 1981 von Todessern ermordet wurde Edgar Bones
48%
Nichtmagische Tierwesen m Übergroßer Sauhund, bekannt für seine Feigheit, Haustier des Wildhüters von Hogwarts Fang
48%
Zauberer m Zauberer, der 1981 von Todessern ermordet wurde Mr Bones
48%
Zauberer w Hexe, die 1981 von Todessern ermordet wurde Mrs Bones I
48%
Zauberer w Hexe, die 1981 von Todessern ermordet wurde Mrs Bones II
48%
Magische Tierwesen w Norwegischer Stachelbuckel, ausgebrütet von Hogwarts Wildhüter Norberta
48%
Zauberer m Hufflepuff-Schüler, der 1991 seine Ausbildung in Hogwarts begann Ernest "Ernie" Macmillan
47%
Zauberer m Co-Anführer der Greifer; Werwolf Fenrir Greyback
47%
Zauberer w Slytherin-Schülerin, die 1991 ihre Ausbildung in Hogwarts begann Pansy Parkinson
47%
Zauberer m Slytherin-Schüler, der 1991 seine Ausbildung in Hogwarts begann Blaise Zabini
46%
Zauberwesen m Kobold, Bankmitarbeiter bei Gringotts, der auf der Flucht war, nachdem die Todesser das britische Zaubereiministerium übernommen hatten Griphook
45%
Zauberer w Hogwarts-Schülerin, die 1990 ihre Ausbildung in Hogwarts begann Lily Moon
45%
Nichtmagische Tierwesen m Kröte, Haustier eines Gryffindor-Schülers Trevor
45%
Zauberer m Slytherin-Schüler, der 1987 seine Ausbildung in Hogwarts begann und als Kapitän und Jäger der Slytherin-Quidditch-Mannschaft spielte Marcus Flint
44%
Nichtmagische Tierwesen m Eule, Haustier von Harrys bestem Freund Pigwidgeon "Pig"
44%
Muggel w Heimleiterin in Wool's Waisenhaus Mrs Cole
43%
Zauberer m Händler von verbotenen Artefakten und magischen Tierwesen im 16. Jahrhundert Phineas Fletcher
43%
Zauberer w Todesserin während des Ersten und Zweiten Zaubererkriegs Alecto Carrow
42%
Zauberer m Todesser während des Ersten und Zweiten Zaubererkriegs Amycus Carrow
42%
Zauberer m Mitbegründer der „Cleansweep Broom Company“ Bill Ollerton
42%
Zauberer m Erster Zauberer, der den Tarnumhang besaß Ignotus Peverell
42%
Zauberer ? Hüter*in bei der schottischen Quidditch-Mannschaft „Wigtown Wanderers“ Parkin I
42%
Zauberer ? Jäger*in bei der schottischen Quidditch-Mannschaft „Wigtown Wanderers“ Parkin II
42%
Zauberer ? Jäger*in bei der schottischen Quidditch-Mannschaft „Wigtown Wanderers“ Parkin III
42%
Zauberer ? Jäger*in bei der schottischen Quidditch-Mannschaft „Wigtown Wanderers“ Parkin IV
42%
Zauberer ? Treiber*in bei der schottischen Quidditch-Mannschaft „Wigtown Wanderers“ Parkin V
42%
Zauberer ? Treiber*in bei der schottischen Quidditch-Mannschaft „Wigtown Wanderers“ Parkin VI
42%
Zauberer ? Sucher*in bei der schottischen Quidditch-Mannschaft „Wigtown Wanderers“ Parkin VII
42%
Zauberer m Schottischer Metzger und Gründer der schottischen Quidditch-Mannschaft „Wigtown Wanderers“ Walter Parkin
42%
Zauberer w Britische Hexe, die Hippogreife züchtete Mrs Scamander
41%
Zauberer m Leitender beratender Magizoologe für den Tagespropheten in den 2010er Jahren Rolf Scamander
41%
Zauberer m Dreiunddreißigster Minister des Britischen Zaubereiministeriums Rufus Scrimgeour
41%
Zauberer m Schaffner des Fahrenden Ritters Stanley "Stan" Shunpike
41%
Zauberer m Erster Zauberer, der den Elderstab besaß Antioch Peverell
40%
Zauberer m Erster Zauberer, der den Stein der Auferstehung besaß Cadmus Peverell
40%
Zauberer m Fahrer des Fahrenden Ritters Ernest "Ernie" Prang
40%
Zauberer m Todesser während des Ersten Zaubererkriegs Evan Rosier
40%
Zauberer w Wirtin des Gasthauses „Drei Besen“ Madam Rosmerta
40%
Muggel m Muggeljunge aus Little Whinging Mark Evans
40%
Zauberer m Zweiter Zauberer, der den Tarnumhang besaß Mr Peverell
40%
Zauberer w Bekanntlich wunderschöne Hexe, deren sieben Ehemänner unter mysteriösen Umständen starben Mrs Zabini
40%
Zauberer m Hufflepuff-Schüler in den 1990er Jahren und Jäger der Hufflepuff-Quidditch-Mannschaft Zacharias Smith
40%
Zauberer w Gryffindor-Schülerin, die 1989 ihre Ausbildung in Hogwarts begann und als Jägerin der Gryffindor-Quidditch-Mannschaft spielte Alicia Spinnet
39%
Magische Tierwesen m Zentaur, der im Verbotenen Wald lebt Bane
39%
Zauberer w Eifrige Sammlerin von magischen Kunstgegenständen und Antiquitäten, die von Du-weiß-schon-wem ermordet wurde Hepzibah Smith
39%
Zauberer m Britischer Zauberer und Vater eines Gryffindor-Schülers Mr Jordan
39%
Zauberer m Britischer Zauberer und Vater eines Hufflepuff-Schülers Mr Smith
39%
Zauberer m Gryffindor- Schüler, der 1990 seine Ausbildung in Hogwarts begann und sich als Hüter für das Gryffindor-Quidditch-Team bewarb, aber letztendlich nicht ausgewählt wurde Cormac McLaggen
38%
Zauberer m Erfinder eines Zaubertranks, der dem Trinkenden hilft sich das Vertrauen anderer zu erschleichen Gregor der Kriecher
37%
Zauberer w Gryffindor-Schülerin, die 1993 ihre Ausbildung in Hogwarts begann und in Harry verknallt war Romilda Vane
37%
Zauberer m Hufflepuff-Schüler, der 1991 seine Ausbildung in Hogwarts begann und am 18. Dezember 1992 von Slytherins Basilisken versteinert wurde Justin Finch-Fletchley
36%
Zauberer m Leiter der Abteilung für Magische Spiele und Sportarten Ludovic "Ludo" Bagman
36%
Zauberer w Muggelstämmige Hexe, die des Diebstahls eines Zauberstabs beschuldigt wurde Mary Elizabeth Cattermole
36%
Zauberer w Ravenclaw-Vertrauensschülerin, die 1987 ihre Ausbildung in Hogwarts begann Penelope "Penny" Clearwater
36%
Zauberer m Zauberer, der für die Zauberei-Zentralverwaltung arbeitet Reginald "Reg" Cattermole
36%
Muggel m Gärtner in Little Hangleton Frank Bryce
34%
Zauberwesen m Riese, Halbbruder von Hogwarts Wildhüter Grawp
34%
Zauberer m Todesser während des Ersten und Zweiten Zaubererkriegs und zeitweise Leiter der Abteilung für magische Strafverfolgung Corban Yaxley
33%
Zauberer w Hogwarts-Schülerin in den 1970er Jahren und Mitschülerin von Harrys Eltern Mary Macdonald
33%
Zauberer w Britische Hexe und Frau eines Todessers Mrs Yaxley
33%
Muggel w Nachrichtensprecherin im Muggelfernsehen Mary Dorkins
32%
Zauberer w Slytherin-Schülerin, die 1991 ihre Ausbildung in Hogwarts begann Millicent Bulstrode
32%
Zauberer m Händler, der versuchte fliegende Teppiche nach Großbritannien zu exportieren Ali Bashir
31%
Zauberer m Ehemaliger Schulleiter von Hogwarts und Autor von „Die Treiberfibel“ Brutus Scrimgeour
31%
Zauberer m Todesser während des Ersten und Zweiten Zaubererkriegs Antonin Dolohow
30%
Nichtmagische Tierwesen m Bartkauz mit schlechtem Sehvermögen, Haustier von Harrys bestem Freund Errol
30%
Zauberer w Englische Hexe Ellie Cattermole
28%
Zauberer w Ravenclaw-Schülerin, die 1990 ihre Ausbildung in Hogwarts begann und die D.A. an die Großinquisitorin verriet Marietta Edgecombe
28%
Zauberer m Berühmter Zauberstabmacher und früherer Meister des Elderstabs Mykew Gregorowitsch
28%
Zauberer w Professorin für Astronomie in Hogwarts Aurora Sinistra
27%
Zauberer m Dunkler Zauberer und Mitinhaber eines Raritätengeschäfts in der Nokturngasse Caractacus Burke
27%
Zauberer m Mitglied des Ordens des Phönix während des Ersten und Zweiten Zaubererkriegs Dädalus Diggel
27%
Zauberer w Bibliothekarin in Hogwarts Irma Pince
27%
Zauberer w Britische Hexe, die im Büro gegen den Missbrauch der Magie arbeitet Mafalda Hopfkirch
27%
Zauberer m Englischer Zauberer Alfred Cattermole
26%
Zauberer m Ravenclaw-Schüler, der 1991 seine Ausbildung in Hogwarts begann und kurzzeitig mit Harrys späterer Frau zusammen war Michael Corner
26%
Zauberer m Zauberer, der mit einem Todesser befreundet ist Mr Bagman
26%
Muggel m Britischer Muggel und Harrys Großvater mütterlicherseits Mr Evans
26%
Muggel w Britische Muggelfrau und Harrys Großmutter mütterlicherseits Mrs Evans
26%
Muggel w Britische Muggelfrau, Mutter eines Hufflepuff-Schülers Mrs Finch-Fletchley
26%
Zauberer m Zauberer, der wegen eines Muggel-Rasenmähers mit magischen Kräften in Schwierigkeiten geriet Otto Bagman
26%
Zauberer m Slytherin-Schüler, der 1991 seine Ausbildung in Hogwarts begann Theodore Nott
26%
Zauberer m Ravenclaw-Vertrauensschüler, der 1991 seine Ausbildung in Hogwarts begann Anthony Goldstein
25%
Zauberer w Kapitänin und Treiberin bei der britischen Quidditch-Mannschaft „Holyhead Harpies“ Gwenog Jones
25%
Zauberer w Mitglied des Ordens des Phönix während des Zweiten Zaubererkriegs Hestia Jones
25%
Zauberer w Hexe, die für die Flohnetzwerkaufsicht arbeitet Madam Edgecombe
25%
Zauberer m Ravenclaw-Schüler, der 1990 seine Ausbildung in Hogwarts begann und Mitglied im Slug-Klub war Marcus Belby
25%
Zauberer m Mittelalterlicher Zauberer und Namensgeber des prestigeträchtigsten Ordens, den das britische Zaubereiministerium verleiht Merlin
25%
Zauberer m Britischer Zauberer und Vater einer Ravenclaw-Schülerin Mr Edgecombe
25%
Zauberer m Todesser während des Ersten und Zweiten Zaubererkriegs Mr Nott
25%
Zauberer w Britische Hexe und Frau eines Todessers Mrs Nott
25%
Muggel m Britischer Muggeljunge, Mitglied der Mobbing-Bande von Harrys Cousin Dennis
24%
Muggel m Bewohner in Wool's Waisenhaus in den 1930er Jahren Dennis Bishop
24%
Zauberer w Englische Hexe Maisie Cattermole
24%
Muggel m Nachrichtensprecher im Muggelfernsehen Ted
24%
Zauberer m Ravenclaw-Schüler, der 1991 seine Ausbildung in Hogwarts begann Terry Boot
24%
Zauberer m Schulleiter von Hogwarts in den 1940er bis 1950er Jahren Armando Dippet
23%
Zauberer m Todesser während des Ersten und Zweiten Zaubererkriegs Augustus Rookwood
23%
Zauberer m Berühmter Autor von Zaubermärchen wie „Der Brunnen des wahren Glücks“ Beedle der Barde
23%
Zauberer w Professorin für Muggelkunde in Hogwarts Charity Burbage
23%
Zauberer m Besitzer eines Eissalons in der Winkelgasse Florean Fortescue
23%
Zauberer w Ladeninhaberin und Schneiderin in der Winkelgasse Madam Malkin
23%
Zauberer m Zauberer, der für die Abteilung für Magische Strafverfolgung arbeitet Bob Ogden
22%
Zauberer m Vierunddreißigster Minister des Britischen Zaubereiministeriums Pius Thicknesse
22%
Zauberer w Leiterin des amerikanischen Aurorenbüros beim MACUSA Porpentina Esther "Tina" Goldstein
22%
Zauberer w Vertretungsprofessorin für Pflege magischer Geschöpfe in Hogwarts Wilhelmina Raue-Pritsche
22%
Zauberer w Hogwarts-Schülerin in den 1940er Jahren, Mutter eines Hogwarts-Professors Eileen Prince
21%
Zauberer m Mitglied des Ordens des Phönix während des Ersten Zaubererkriegs und Onkel mütterlicherseits von Harrys bestem Freund Gideon Prewett
21%
Zauberer w Einunddreißigste Ministerin des Britischen Zaubereiministeriums von 1980 bis 1990 Millicent Bagnold
21%
Zauberer m Ehemaliger Wildhüter in Hogwarts Ogg
21%
Zauberer m Hogwarts-Schülerin in den 1940er Jahren, die sich über die dicke Brille und über das Aussehen ihrer Mitschülerin lustig machte Olive Hornby
21%
Zauberer ? Todesser*in während des Ersten Zaubererkriegs Rosier
21%
Zauberer w Professorin für Arithmantik in Hogwarts Septima Vector
21%
Zauberer m Ritter, dessen Porträt im Schloss Hogwarts zu finden ist und vorübergehend als Wache des Eingangs zum Gryffindor-Gemeinschaftsraum eingesetzt wurde Sir Cadogan
21%
Zauberer m Todesser während des Ersten und Zweiten Zaubererkriegs Walden Macnair
21%
Zauberer m Hochrangiger Mitarbeiter des Britischen Zaubereiministeriums Albert Runcorn
20%
Zauberer m Mitglied des Ordens des Phönix während des Ersten und Zweiten Zaubererkriegs Elphias Doge
20%
Zauberer m Mitglied des Ordens des Phönix während des Ersten Zaubererkriegs und Onkel mütterlicherseits von Harrys bestem Freund Fabian Prewett
20%
Muggel w Britische Muggelfrau, Mutter des ersten Todesopfers von Slytherins Basilisken Mrs Warren
20%
Muggel m Britischer Muggel, Vater des ersten Todesopfers von Slytherins Basilisken Mr Warren
20%
Zauberer m Freund des dreiunddreißigsten Zauberministers Bertie Higgs
19%
Zauberer m Hogwarts-Schüler in den 1970er Jahren, der infolge einer Mutprobe fast ein Auge verlor Davey Gudgeon
19%
Zauberer m Ehemaliger Schulleiter von Hogwarts mit einer Vorliebe für alkoholische Getränke Dexter Fortescue
19%
Zauberer m Dudelsackspieler bei der Band „Schwestern des Schicksals“ Gideon Crumb
19%
Zauberwesen w Hauselfin, die von Du-weißt-schon-wem des Mordes an ihrer Herrin beschuldigt wird Hokey
19%
Zauberer m Zauberer, der in der Abteilung für Magische Unfälle und Katastrophen arbeitet Arnold "Arnie" Peasegood
18%
Zauberer m Heiler in der Ausbildung im St.-Mungo-Hospital Augustus Pye
18%
Zauberer m Zauberer-Konditor, der versehentlich die nach ihm benannten „Bohnen jeder Geschmacksrichtung“ erfand Bertie Bott
18%
Zauberer w Hufflepuff-Schülerin, die 1995 ihre Ausbildung in Hogwarts begann Rose Zeller
18%
Zauberer m Ehemaliger Professor für Pflege magischer Geschöpfe in Hogwarts Silvanus Kesselbrand
18%
Zauberer m Britischer Zauberer Will
18%
Magische Tierwesen m Lilafarbener Minimuff, Haustier einer Gryffindor-Schülerin Arnold
17%
Zauberer w Hogwarts-Schülerin, die 1993 ihre Ausbildung in Hogwarts begann Astoria Greengrass
17%
Zauberer w Hexe, die für die Abteilung für Magische Spiele und Sportarten arbeitete Bertha Jorkins
17%
Zauberer m Mitbegründer der „Cleansweep Broom Company“ Bob Ollerton
17%
Zauberer w Slytherin-Schülerin, die 1991 ihre Ausbildung in Hogwarts begann Daphne Greengrass
17%
Zauberer w Mitglied des Ordens des Phönix während des Ersten und Zweiten Zaubererkriegs Emmeline Vance
17%
Zauberer m Dunkler Zauberer und Mitinhaber eines Raritätengeschäfts in der Nokturngasse Mr Borgin
17%
Zauberer w Gryffindor-Schülerin, die 1994 ihre Ausbildung in Hogwarts begann Natalie McDonald
17%
Muggel m Britischer Muggeljunge mit Rattengesicht, Mitglied der Mobbing-Bande von Harrys Cousin Piers Polkiss
17%
Zauberer m Ravenclaw-Schüler, der 1989 seine Ausbildung in Hogwarts begann und als Jäger und Kapitän in der Ravenclaw-Quidditch-Mannschaft spielte Roger Davies
17%
Zauberer m Slytherin-Schüler in den 1940er Jahren, Mitschüler von Du-weißt-schon-wem und Mitglied im Slug-Klub Avery
16%
Zauberer w Sucherin bei der schottischen Quidditch-Mannschaft „Montrose Magpies“ Eunice Murray
16%
Zauberer m Todesser während des Ersten und Zweiten Zaubererkriegs Mr Avery
16%
Zauberer ? Erfinder*in von Feuerwhisky Ogden
16%
Zauberer m Mitglied des Zaubergamots Tiberius Ogden
16%
Zauberer m Zauberer, der als Anti-Muggel-Scherzbold bekannt ist Willy Widdershins
16%
Nichtmagische Tierwesen m Kreischeule, Haustier eines Gryffindor-Schülers Hermes
15%
Zauberer m Zauberer, der für die Erfindung des Wolfsbann-Tranks berühmt geworden ist Damocles Belby
14%
Zauberer m Einziger Zauberer, der bekanntlich einen Lethifold-Angriff überlebt hat Flavius Belby
14%
Zauberer m Berühmter deutscher Zauberer, der später für seine Leistungen auf einer Schokofroschkarte abgebildet wurde Heinrich Cornelius Agrippa von Nettesheim
14%
Zauberer m Gryffindor-Schüler in den späten 1990er Jahren und Treiber der Gryffindor-Quidditch-Mannschaft Jimmy Peakes
14%
Zauberer m Zauberer mit einer Abneigung gegen das Brauen von Zaubertränken Mr Belby
14%
Zauberer m Zauberer, der für die Abteilung für Magisches Transportwesen arbeitet Basil
13%
Zauberer m Spieler bei der britischen Quidditch-Mannschaft „Falmouth Falcons“ Basil Horton
13%
Zauberer m Zauberer, der für die Mysteriumsabteilung arbeitet Broderick Bode
13%
Zauberer m Gryffindor-Schüler in den 1990er Jahren und Treiber der Gryffindor-Quidditch-Mannschaft Jack Sloper
13%
Geistwesen m Geist, Anführer der Jagd der Kopflosen Sir Patrick Delaney-Podmore
13%
Zauberer m Slytherin-Schüler in den frühen 1990er Jahren und Sucher der Slytherin-Quidditch-Mannschaft Terence Higgs
13%
Zauberer m Slytherin-Schüler in den frühen 1990er Jahren und Jäger der Slytherin-Quidditch-Mannschaft Adrian Pucey
12%
Zauberer m Gryffindor-Schüler in den 1990er Jahren und Treiber der Gryffindor-Quidditch-Mannschaft Andrew Kirke
12%
Zauberer m Chefredakteur des „Tagespropheten“ Barnabas Cuffe
12%
Zauberer w Berühmte griechische Hexe, die später auf einer Schokofroschkarte abgebildet wurde Circe
12%
Zauberer m Muggelstämmiger Zauberer und ehemaliger Leiter des Koboldverbindungsbüros, der später von Greifern gefasst und getötet wurde Dirk Cresswell
12%
Muggel m Wetterfrosch im Muggelfernsehen Jim McGuffin
12%
Zauberer w Hufflepuff-Schülerin, die 1991 ihre Ausbildung in Hogwarts begann Leanne
12%
Zauberer w Englische Hexe, die Klatsch und Tratsch liebt Muriel
12%
Magische Tierwesen m Zentaur, der im Verbotenen Wald lebt Ronan
12%
Zauberer w Hexe, die Harry im Tropfenden Kessel begrüßt Doris Crockford
11%
Zauberer w Seherin und Autorin von „Die Entnebelung der Zukunft“ Kassandra Wablatschki
11%
Zauberer m Hufflepuff student who began attending Hogwarts in 1994 Kevin Whitby
11%
Zauberer w Magizoologin, die einer der vier Personen war, die halfen, ein Drachenbaby aus Hogwarts zu holen Liz "Lizard" Tuttle
11%
Zauberer w Britische Hexe, dessen Mann von Greifern gefasst und getötet wurde Mrs Cresswell
11%
Zauberer m Mitglied des Ordens des Phönix während des Ersten und Zweiten Zaubererkriegs Sturgis Podmore
11%
Zauberer m Todesser während des Zweiten Zaubererkriegs Thorfinn Rowle
11%
Muggel m Bewohner in Wool's Waisenhaus in den 1930er Jahren Billy Stubbs
10%
Zauberer w Gryffindor-Schülerin in den späten 1990er Jahren und Jägerin der Gryffindor-Quidditch-Mannschaft Demelza Robins
10%
Zauberer m Zauberer, der für die Aurorenzentrale arbeitet Gawain Robards
10%
Zauberer m Slytherin-Schüler in den 1990er Jahren und Jäger der Slytherin-Quidditch-Mannschaft Graham Montague
10%
Zauberer w Leiterin der Prüfungskommission und Mitglied im Zaubergamot Griselda Marchbanks
10%
Zauberer m Junger Zauberer, der dem Finale der Quidditch-Weltmeisterschaft 1994 beiwohnt Kevin
10%
Zauberer m Treiber bei der britischen Quidditch-Mannschaft „Falmouth Falcons“ Kevin Broadmoor
10%
Zauberer w Ravenclaw-Schülerin, die 1991 ihre Ausbildung in Hogwarts begann Lisa Turpin
10%
Muggel m Britischer Muggeljunge, Mitglied der Mobbing-Bande von Harrys Cousin Malcolm
10%
Zauberer w Mitglied des Ordens des Phönix während des Ersten Zaubererkriegs, dessen gesamte Familie von Todessern getötet wurde Marlene McKinnon
10%
Zauberer m Todesser während des Ersten und Zweiten Zaubererkriegs Mr Travers
10%
Nichtmagische Tierwesen m Bulldogge, Haustier einer britischen Muggelfrau Ripper
10%
Zauberer m Jäger der Irischen Quidditch-Nationalmannschaft Troy
10%
Zauberer m Früherer Meister des Elderstabs Barnabas Deverill
9%
Zauberer m Mitbegründer der „Cleansweep Broom Company“ Barnaby Ollerton
9%
Zauberer m Gryffindor-Schüler, der 1995 seine Ausbildung in Hogwarts begann Euan Abercrombie
9%
Zauberer w Jägerin der Irischen Quidditch-Nationalmannschaft Moran
9%
Zauberer m Britischer Zauberer und Vater eines Slytherin-Schülers Mr Montague
9%
Zauberer w Britische Hexe und Mutter eines Slytherin-Schülers Mrs Montague
9%
Muggel w Britische Muggelfrau Mrs Polkiss
9%
Zauberer m Autor von „Theorie der Magie“ Adalbert Schwahfel
8%
Zauberer m Präsident der Bewegung „Frischluftfreunde und Radikale Zauberer“ Archie Aymslowe
8%
Zauberer m Zauberer, der versuchte Trollen Ballett beizubringen Barnabas der Bekloppte
8%
Zauberer w Professorin für Alte Runen in Hogwarts Bathsheda Babbling
8%
Nichtmagische Tierwesen w Kaninchen, Haustier einer Gryffindor-Schülerin Binky
8%
Zauberer w Berühmte Schlagersängerin in der Zauberwelt Celestina Warbeck
8%
Zauberer w Britische Hexe aus Little Norton Doris Purkiss
8%
Zauberer w Gryffindor-Schülerin in den 1990er Jahren mit schlimmer Akne Eloise Midgen
8%
Zauberer m Sicherheitsbeauftragter im Britischen Zaubereiministerium Eric Munch
8%
Zauberer m Quidditch-Schiedsrichter aus Ägypten Hassan Mostafa
8%
Zauberer m Treiber bei der britischen Quidditch-Mannschaft „Chudley Cannons“ Joey Jenkins
8%
Zauberwesen m Riese, ehemaliger Gurg der letzten Riesenkolonie Karkus
8%
Zauberer m Hüter der Bulgarischen Quidditch-Nationalmannschaft Lev Zograf
8%
Zauberer w Autorin der siebenteiligen Buchreihe „Lehrbuch der Zaubersprüche“ Miranda Habicht
8%
Muggel m Leiter eines Campingplatzes Mr Roberts
8%
Muggel w Britische Muggelfrau Mrs Roberts
8%
Zauberer m Mitglied der Zaubererprüfungskomission bei Harrys Zwischenprüfungen Professor Tofty
8%
Zauberer w Hogwarts-Schülerin, die 1991 ihre Ausbildung in Hogwarts begann Sally-Anne Perks
8%
Zauberwesen m Vampir, der an einer Weihnachtsfeier des Slug-Kubs teilgenommen hat Sanguini
8%
Zauberer w Mittelalterliche Hexe, die siebenundvierzig Mal auf dem Scheiterhaufen verbrannt wurde Wendeline die Ulkige
8%
Zauberer m Mitarbeiter des Britischen Zaubereiministeriums Wilkie Twycross
8%
Zauberer m Zauberer, der die erste vollständige Beschreibung von Quidditch verfasste Zacharias Mumps
8%
Muggel w Bewohnerin in Wool's Waisenhaus in den 1930er Jahren Amy Benson
7%
Zauberer m Hausmeister in Hogwarts in den 1960er Jahren Apollyon Pringle
7%
Zauberer w Protagonistin eines Kindermärchens Babbitty Rabbitty
7%
Zauberer m Autor von „Verwandlungen für Anfänger“, „Verwandlung - Die Zwischenstufen“ und „Lehrbuch der Verwandlung für Fortgeschrittene“ Emeric Wendel
7%
Zauberwesen w Riesin, Mutter von Hogwarts Wildhüter Fridwulfa
7%
Zauberer w Kapitänin bei der britischen Quidditch-Mannschaft „Holyhead Harpies“ in den 1950er Jahren Gwendolyn Morgan
7%
Zauberer m Hogwarts-Schüler in den 1990er Jahren mit einer Vorliebe für weniger legale Geschäfte Harold Dingle
7%
Magische Tierwesen m Zentaur, der im Verbotenen Wald lebt Magorian
7%
Zauberer m Slytherin-Schüler, der 1994 seine Ausbildung in Hogwarts begann Malcolm Baddock
7%
Zauberer w Ravenclaw-Schülerin, die 1991 ihre Ausbildung in Hogwarts begann Mandy Brocklehurst
7%
Zauberer m Slytherin-Schüler in den 1990er Jahren und Hüter der Slytherin-Quidditch-Mannschaft Miles Bletchley
7%
Zauberer w Ravenclaw-Schüler, der 1991 seine Ausbildung in Hogwarts begann Morag MacDougal
7%
Zauberer w Britische dunkle Hexe, die später auf einer Schokofroschkarte abgebildet wurde; Animagus Morgana le Fay
7%
Magische Tierwesen w Acromantula, die im Verbotenen Wald lebt Mosag
7%
Zauberer m Todesser während des Zweiten Zaubererkriegs, der während der Schlacht um den Astronomieturm versehentlich von einem anderen Todesser getötet wurde Mr Gibbon
7%
Zauberer m Vater einer Gryffindor-Schülerin mit schlimmer Akne Mr Midgen
7%
Zauberer m Co-Anführer der Greifer Mr Scabior
7%
Zauberer m Heiler, der das St.-Mungo-Hospital gründete Mungo Bonham
7%
Zauberer m Gryffindor-Schüler in den späten 1990er Jahren und Treiber der Gryffindor-Quidditch-Mannschaft Ritchie Coote
7%
Zauberer m Ravenclaw-Schüler, der 1994 seine Ausbildung in Hogwarts begann Stewart Ackerley
7%
Zauberer m Freund des dreiunddreißigsten Zaubereiministers Tiberius
7%
Muggel w Britische Muggelfrau, Freundin von Harrys Tante Yvonne
7%
Zauberer m Zauberer, der das Quodpotspiel erfunden hat Abraham Peasegood
6%
Zauberer m Autor von „Zaubertränke und Zauberbräue“ Arsenius Bunsen
6%
Nichtmagische Tierwesen m Flughund, Maskottchen der irischen Quidditch-Mannschaft „Ballycastle Bats“ Barny
6%
Zauberwesen m Kobold, Bankmitarbeiter bei Gringotts Bogrod
6%
Zauberer m Slytherin-Schüler in den 1990er Jahren und Jäger des Slytherin-Quidditch-Teams Cassius Warrington
6%
Zauberer w Jägerin der Bulgarischen Quidditch-Nationalmannschaft Clara Iwanowa
6%
Zauberer w Heilerin im St.-Mungo-Hospital und später Schulleiterin von Hogwarts von 1741 bis 1768 Dilys Derwent
6%
Zauberer m Ravenclaw-Schülerin, der 1990 seine Ausbildung in Hogwarts begann Eddie Carmichael
6%
Zauberer w Hogwarts-Schülerin, die 1994 ihre Ausbildung in Hogwarts begann Emma Dobbs
6%
Zauberer w Britische Hexe und unermüdlicher Fan von Hogwarts ehemaligem Professor für Verteidigung gegen die Dunklen Künste Gladys Gudgeon
6%
Zauberer m Treiber der Bulgarischen Quidditch-Nationalmannschaft Ivan Volkow
6%
Zauberer w Hufflepuff-Schülerin, die 1994 ihre Ausbildung in Hogwarts begann Laura Madley
6%
Zauberer w Britische Hexe, die ein Café in Hogsmeade betrieb Madam Puddifoot
6%
Zauberer m Todesser während des Ersten Zaubererkriegs Mr Mulciber I
6%
Zauberer m Todesser während des Ersten und Zweiten Zaubererkriegs Mr Mulciber II
6%
Zauberer m Hufflepuff-Schüler, der 1994 seine Ausbildung in Hogwarts begann Owen Cauldwell
6%
Zauberer w Hogwarts-Schülerin, die 1989 ihre Ausbildung in Hogwarts begann Patricia Stimpson
6%
Zauberer w Britische Hexe und Patientin im St.-Mungo-Hospital in den 1990er Jahren Agnes
5%
Zauberer m Jäger der Bulgarischen Quidditch-Nationalmannschaft Alexei Lewski
5%
Zauberer m Bekannter Besen-Designer und Inhaber eines eigenen Geschäfts Arkie Alderton
5%
Zauberer m Früherer Meister des Elderstabs Emmerich der Böse
5%
Muggel m Britischer Muggeljunge, Mitglied der Mobbing-Bande von Harrys Cousin Gordon
5%
Zauberwesen m Kobold, Bankmitarbeiter bei Gringotts, der auf der Flucht war, nachdem die Todesser das britische Zaubereiministerium übernommen hatten Gornuk
5%
Zauberer m Leiter des Koboldverbindungsbüros Knutbert Mockridge
5%
Zauberer w Hogwarts-Schülerin in den 1990er Jahren und Mitglied im Slug-Klub Melinda Bobbin
5%
Zauberer m Namensgeber und Verfasser des Gesetzes der elementaren Transfiguration Mr Gamp
5%
Muggel m Reicher britischer Unternehmer Mr Mason
5%
Zauberer m Zauberer, der im Büro gegen den Missbrauch von Muggelartefakten arbeitet Mr Perkins
5%
Muggel w Britische Muggelfrau mit Ornithophobie Mrs Mason
5%
Zauberer w Jägerin der Irischen Quidditch-Nationalmannschaft Mullet
5%
Zauberer m Zauberer und Alchemist, dem die Entdeckung der Sprache Parselmund zugeschrieben wird Phillipus Aureolus Theophrastus Bombastus "Paracelsus" von Hohenheim
5%
Nichtmagische Tierwesen m Kniesel-Katzenmischling, Haustier einer britischen Squib Putty
5%
Zauberer w Ravenclaw-Schülerin in den 1990er Jahren S. Fawcett
5%
Nichtmagische Tierwesen ? Kniesel-Katzenmischling, Haustier einer britischen Squib Snowy
5%
Zauberer m Erster Minister des britischen Zaubereiministeriums von 1707 bis 1718 Ulick Gamp
5%
Zauberer w Gryffindor-Schülerin in den 1990er Jahren, die sich als Hüterin für die Gryffindor-Quidditch-Mannschaft bewarb, aber letztendlich nicht ausgewählt wurde Vicky Frobisher
5%
Zauberer w Witch whose portrait could be found in Hogwarts Castle Violet
5%
Zauberer w Expertin für altertümliche magische Kulturobjekte Agatha Chubb
4%
Zauberer m Einer von zwei Zauberern, die als potentielle ehemalige Meister des Elderstabs in Frage kommen, nachdem diese dessen früheren Meister getötet haben Arcus
4%
Zauberer m Hüter der Irischen Quidditch-Nationalmannschaft Barry Ryan
4%
Zauberer m Mitglied des Ordens des Phönix, der während des Ersten Zaubererkriegs als vermisst gemeldet wurde Caradoc Dearborn
4%
Muggel w Muggelfrau in romantischer Beziehung mit dem Vater von Du-weißt-schon-wem Cecilia
4%
Zauberer m Treiber der irischen Quidditch-Nationalmannschaft Connolly
4%
Zauberer m Hogwarts-Schüler, der 1993 seine Ausbildung in Hogwarts begann Derek
4%
Zauberer w Mitglied des Ordens des Phönix während des Ersten Zaubererkriegs, das vom Du-weißt-schon-wem ermordet wurde Dorcas Meadowes
4%
Zauberer w Oberhaupt des Magischen Rates im 14. Jahrhundert Elfrida Clagg
4%
Zauberer m Erfinder des Polsterungs-Zaubers Elliot Smethwyck
4%
Zauberer w Hexe aus Godrics Hollow Enid Smeek
4%
Muggel m Juniorminister in der britischen Muggelregierung im Jahre 1996 Herbert Chorley
4%
Zauberer m Früherer Meister des Elderstabs Hereward
4%
Zauberer m Treiber bei der britischen Quidditch-Mannschaft „Falmouth Falcons“ Karl Broadmoor
4%
Zauberer m Autor von „Quidditch im Wandel der Zeit“ Kennilworthy Whisp
4%
Zauberer m Gitarrist bei der Band „Schwestern des Schicksals“ Kirley McCormack Duke
4%
Zauberer m Einer von zwei Zauberern, die als potentielle ehemalige Meister des Elderstabs in Frage kommen, nachdem diese dessen früheren Meister getötet haben Livius
4%
Zauberer m Todesser während des Zweiten Zaubererkriegs Mr Selwyn
4%
Zauberer m Slytherin-Schüler, der 1988 seine Ausbildung in Hogwarts begann und als Treiber in der Slytherin-Quidditch-Mannschaft spielte Peregrine Derrick
4%
Zauberer w Botanikerin und Autorin von „Tausend Zauberkräuter und Pilze“ Phyllida Spore
4%
Zauberer m Erstes „Ganz hohes Tier“ der Internationalen Vereinigung von Zauberern Pierre Bonaccord
4%
Zauberer m Durmstrang-Schüler in den 1990er Jahren Poliakoff
4%
Zauberer m Ehemaliger Schulleiter von Hogwarts Professor Everard
4%
Zauberer m Treiber der Bulgarischen Quidditch-Nationalmannschaft Pyotr Vulkanow
4%
Zauberer m Ehemaliger Schulleiter von Hogwarts und Autor von „Dunkle Kräfte: Ein Kurs zur Selbstverteidigung“ Quirin Sumo
4%
Zauberer m Autor von „Theorie magischer Verteidigung“ Wilbert Slinkhard
4%
Zauberer w Reporterin für den „Tagespropheten“ Betty Braithwaite
3%
Zauberer m Fotograf für den „Tagespropheten“ Bozo
3%
Zauberer ? Ravenclaw-Schüler*in in den 1990er Jahren und Jäger*in der Ravenclaw-Quidditch-Mannschaft Chambers
3%
Zauberer m Jäger bei der britischen Quidditch-Mannschaft „Chudley Cannons“ Dragomir Gorgowitsch
3%
Zauberer m Früherer Meister des Elderstabs Egbert der Ungeheuerliche
3%
Zauberer m Irischer Zauberer und Cousin eines Gryffindor-Schülers Fergus
3%
Zauberer w Ehemalige Professorin für Verteidigung gegen die dunklen Künste in Hogwarts in den 1940er Jahren Galatea Merrythought
3%
Zauberwesen m Riese, Gurg der letzten Riesenkolonie und Verbündeter der Todesser Golgomath
3%
Zauberer m Kapitän bei der schottischen Quidditch-Mannschaft „Montrose Magpies“ Hamish MacFarlan
3%
Zauberer m Slytherin-Schüler, der 1992 seine Ausbildung in Hogwarts begann Harper
3%
Zauberer m Gründer des Dorfes Hogsmeade Hengist von Woodcroft
3%
Zauberer m Heiler im St.-Mungo-Hospital Hippocrates Smethwyck
3%
Zauberer m Früherer Meister des Elderstabs Loxias
3%
Zauberer w Hüterin bei der schottischen Quidditch-Mannschaft „Pride of Portree“ Meaghan McCormack
3%
Zauberer m Todesser während des Zweiten Zaubererkriegs Mr Jugson
3%
Nichtmagische Tierwesen m Kniesel-Katzenmischling, Haustier einer britischen Squib Mr Tibbles
3%
Zauberer m Treiber der Irischen Quidditch-Nationalmannschaft Quigley
3%
Zauberer m Leadsänger der Band „The Hobgoblins“ Stubby Boardman
3%
Nichtmagische Tierwesen ? Kniesel-Katzenmischling, Haustier einer britischen Squib Tuffy
3%
Zauberwesen m Kobold, Rebell bei den Koboldaufständen Urg der Unsaubere
3%
Zauberer m Slytherin-Schüler in den späten 1990er Jahren und Kapitän und Jäger des Slytherin-Quidditch-Teams Urquhart
3%
Zauberer m Erfinder des Eingeweide-Ausweide-Fluchs Urquhart Rackharrow
3%
Zauberer m Zauberer, der für die Arbeitsgruppe für Experimentelles Zaubern arbeitet Wilbert Gimpel
3%
Zauberer w Hexe, die während der Quidditch-Weltmeisterschaft 1994 ihre Aalfarm verwettete Agatha Timms
2%
Zauberer m Erfinder der magischen Stinkbombe Alberich Grunnion
2%
Zauberer w Protagonistin in dem Zaubermärchen „Der Brunnen des wahren Glücks“ Altheda
2%
Zauberer w Protagonistin in dem Zaubermärchen „Der Brunnen des wahren Glücks“ Amata
2%
Zauberer m Besitzer des Süßwarenladens „Honigtopf“ in Hogsmeade Ambrosius Flume
2%
Zauberer w Protagonistin in dem Zaubermärchen „Der Brunnen des wahren Glücks“ Asha
2%
Zauberer m Zauberer, dessen Porträt im Schloss Hogwarts zu finden ist Baruffio
2%
Zauberer w Autorin von „Die Märchen von den Giftpilzen“ Beatrix Bloxam
2%
Zauberer m Mitglied des Ordens des Phönix während des Ersten Zaubererkriegs, der von Todessern umgebracht wurde Benjy Fenwick
2%
Zauberer m Hogwarts-Schüler in den 1970er Jahren und Mitschüler von Harrys Eltern Bertram Aubrey
2%
Zauberwesen m Kobold, Rebellenführer bei den Koboldaufständen Bodrod der Bärtige
2%
Zauberer m Erfinder des goldenen Schnatzes Bowman Wright
2%
Zauberer m Ravenclaw-Schüler in den 1990er Jahren und Jäger der Ravenclaw-Quidditch-Mannschaft Bradley
2%
Muggel m Franziskanermönch in der alten Grafschaft Worcestershire Bruder Benedikt
2%
Muggel m Franziskanermönch in der alten Grafschaft Worcestershire Bruder Bonifatius
2%
Zauberer m Hufflepuff-Schüler in den 1990er Jahren und Jäger der Hufflepuff-Quidditch-Mannschaft Cadwallader
2%
Zauberer w Kapitänin und Jägerin bei der schottischen Quidditch-Mannschaft „Pride of Portree“ Catriona McCormack
2%
Zauberer m Britischer Zauberer, der dem Besitzer des Süßwarenladens „Honigtopf“ zu seinem ersten Job verhalf Ciceron Harkiss
2%
Zauberer m Berühmter ägyptischer Zauberer, der später auf einer Schokofroschkarte abgebildet wurde Claudius Ptolemäus
2%
Zauberer w Berühmte irische Druidin, die später auf einer Schokofroschkarte abgebildet wurde Cliodna
2%
Zauberer m Quidditch-Schiedsrichter aus Norfolk Cyprian Youdle
2%
Zauberer m Berühmtester Spieler bei der walisischen Quidditch-Mannschaft „Caerphilly Catapults“ Dai Llewellyn der Gefährliche
2%
Zauberer w Erfinderin des Verlangsamungszaubers Daisy Pennifold
2%
Zauberer m Kapitän und Hüter bei der irischen Quidditch-Mannschaft „Kenmare Kestrels“ Darren O'Hare
2%
Zauberer w Mutter des berühmtesten Spielers der walisischen Quidditch-Mannschaft „Caerphilly Catapults“ Dilys Llewellyn
2%
Muggel w Muggelfrau aus Little Hangleton Dot
2%
Zauberer m Zauberer und Oberhaupt eines Clans Dugald McClivert
2%
Zauberer m Autor von „Blutsbrüder: Mein Leben unter Vampiren“ Eldred Worple
2%
Zauberer w Hufflepuff-Schülerin, die 1994 ihre Ausbildung in Hogwarts begann Eleanor Branstone
2%
Zauberwesen m Kobold, Rebell bei den Koboldaufständen Elfrich der Eifrige
2%
Muggel m Bewohner in Wool's Waisenhaus in den 1930er Jahren Eric Whalley
2%
Zauberer m Gryffindor student in the 1990s Geoffrey Hooper
2%
Zauberer w Sucherin bei der britischen Quidditch-Mannschaft „Holyhead Harpies“ Glynnis Griffiths
2%
Zauberer m Früherer Meister des Elderstabs Godelot
2%
Zauberer ? Zauberer oder Hexe, der/die ein Gesetz zum Brauen wirksamer Gegengifte formulierte Golpalott
2%
Zauberer m Rhythmusgitarrist bei der Band „Schwestern des Schicksals“ Heathcote Barbary
2%
Zauberer m Lautenist bei der Band „Schwestern des Schicksals“ Herman Wintringham
2%
Muggel w Muggelfrau aus Norfolk Hetty Bayliss
2%
Zauberer m Zauberer, der den Käsekessel erfunden hat Humphrey Belcher
2%
Zauberer m Professioneller Seher und Autor von „Das Traumorakel“ Inigo Imago
2%
Zauberer w Mitbegründerin der Ilvermorny-Schule für Hexerei und Zauberei Isolt Sayre
2%
Zauberer m Zauberer, der behauptet acht der zwölf bekannten Anwendungen von Drachenblut herausgefunden zu haben Ivor Dillonsby
2%
Zauberer m Zauberer, der vorgab, von einem Lethifold gefressen worden zu sein Janus Thickey
2%
Zauberer m Gryffindor-Schüler, der 1989 seine Ausbildung in Hogwarts begann Kenneth Towler
2%
Zauberer m Jäger der Polnischen Quidditch-Nationalmannschaft Ladislaw Zamojski
2%
Zauberer m Zauberer aus Südamerika, bekannt als berühmter Trankbrauer und Autor von „Zaubertränke für Fortgeschrittene“ Libatius Borage
2%
Zauberer m Slytherin-Schüler in den 1990er Jahren und Treiber der Slytherin-Quidditch-Mannschaft Lucian Bole
2%
Zauberer w Britische Hexe, die häufig mit dem Fahrenden Ritter unterwegs war Madam Marsh
2%
Zauberer w Englische Hexe aus Topsham Madam Z. Nettles
2%
Zauberer m Cellist bei der Band „Schwestern des Schicksals“ Merton Graves
2%
Zauberer w Magizoologin, die einer der vier Personen war, die halfen, ein Drachenbaby aus Hogwarts zu holen Merula Snyde
2%
Zauberer m Britischer Zauberer und Frettchenzüchter Mortlake
2%
Muggel m Leiter eines Campingplatzes Mr Payne
2%
Zauberer w Frau eines Zauberers, der vorgab, von einem Lethifold gefressen worden zu sein Mrs Thickey
2%
Zauberer m Zauberer, der für die Aurorenzentrale arbeitet Mr Williamson
2%
Magische Tierwesen w Anführerin der Wassermenschen im Großen See von Hogwarts Murcus
2%
Zauberer m Leadsänger bei der Band „Schwestern des Schicksals“ Myron Wagtail
2%
Muggel m Ehemaliger Oberst der britischen Streitkräfte Oberst Stumper
2%
Zauberer m Heldenhafter Zauberer, über den ein Lied geschrieben wurde Odo der Held
2%
Zauberer w Ravenclaw-Schülerin, die 1994 ihre Ausbildung in Hogwarts begann Orla Quirke
2%
Zauberer m Drummer bei der Band „Schwestern des Schicksals“ Orsino Thruston
2%
Zauberer ? Auror, der in Hogsmeade stationiert war Proudfoot
2%
Zauberer m Zauberer, der der Legende nach in einen Quintaped verwandelt wurde Quintius MacBoon
2%
Zauberwesen m Kobold, Bankmitarbeiter bei Gringotts Ragnok
2%
Zauberwesen m Kobold, König der Kobolde und Schmied von Gryffindors Schwert Ragnuk der Erste
2%
Zauberer m Spieler bei der britischen Quidditch-Mannschaft „Falmouth Falcons“ Randolph Keitch
2%
Zauberer m Zauberer, der dem Finale der Quidditch-Weltmeisterschaft 1994 beiwohnt Roddy Pontner
2%
Zauberer w Möglicher Kandidat für R.A.B. Rosalind Antigone Bungs
2%
Zauberer m Möglicher Kandidat für R.A.B. Rupert "Axebanger" Brookstanton
2%
Zauberer m Zauberer, der für die Mysteriumsabteilung arbeitet Saul Croaker
2%
Zauberer ? Auror, der in Hogsmeade stationiert war Savage
2%
Zauberer w Präsidentin des Magischen Kongresses der Vereinigten Staaten von Amerika – (MACUSA) Seraphina Picquery
2%
Zauberer m Protagonist in dem Zaubermärchen „Der Brunnen des wahren Glücks“ Sir Luckless
2%
Magische Tierwesen m Phönix, Maskottchen der neuseeländischen Quidditch-Mannschaft Moutohora Macaws Sparky
2%
Zauberer m Hufflepuff-Schüler in den 1970er Jahren Stebbins I
2%
Zauberer m Hufflepuff-Schüler in den 1990er Jahren Stebbins II
2%
Magische Tierwesen m Thestral, der im Verbotenen Wald lebte Tenebrus
2%
Zauberer m Hogwarts-Schüler in den 1990er Jahren Timothy Butler
2%
Zauberer m Zauberer, der für sein exzentrisches Verhalten bekannt war Ulrich der komische Kauz
2%
Zauberer m Slytherin-Schüler in den späten 1990er Jahren und Jäger des Slytherin-Quidditch-Teams Vaisey
2%
Zauberer m Jäger der Bulgarischen Quidditch-Nationalmannschaft Vasily Dimitrow
2%
Zauberer w Verkäuferin, die in einem Scherzartikelladen in der Winkelgasse arbeitete Verity
2%
Zauberer m Ehemaliger Schulleiter von Hogwarts und Autor von „Flüche und Gegenflüche“ Vindictus Viridian
2%
Zauberer m Britischer Zauberer, der mehrere Kröten besessen haben soll Warzen-Harris
2%
Zauberer m Zauberer, dessen Statue im Schloss Hogwarts zu finden ist Wilfried der Wehmütige
2%
Zauberer ? Todesser während des Ersten Zaubererkriegs Wilkes
2%
Zauberer m Zauberer, der in Gringotts einer Sicherheitsuntersuchung unterzogen wurde Arkie Philpott
1%
Zauberer m Oberhaupt des Magischen Rates in den 1260er Jahren Barberus Bragge
1%
Zauberer m Bassist bei der Band „Schwestern des Schicksals“ Donaghan Tremlett
1%
Zauberer m Slytherin-Schüler, der 1994 seine Ausbildung in Hogwarts begann Graham Pritchard
1%
Zauberer ? Hogwarts-Schüler*in in den 1990er Jahren K. Bundy
1%
Zauberer m Ein Zauberer, der aus unbekannten Gründen stolz auf sich ist Lachlan der Lulatsch
1%
Zauberer m Quidditch-Schiedsrichter im 19. Jahrhundert Nugent Potts
1%
Zauberer m Britischer Zauberer, der während des Zweiten Zaubererkriegs verschwand Octavius Pepper
1%
Zauberer ? Hogwarts-Schüler*in in den 1990er Jahren S. Capper
1%
Zauberer m Hufflepuff-Schüler in den späten 1990er Jahren und Sucher der Hufflepuff-Quidditch-Mannschaft Summerby
1%
Zauberer m Hufflepuff-Schüler in den 1990er Jahren, der mit einem weißen Bart im Krankenflügel landete, nachdem er versuchte die Alterslinie um den Feuerkelch zu umgehen Summers
1%
Zauberer w Britische Hexe und unermüdlicher Fan von Hogwarts ehemaligem Professor für Verteidigung gegen die Dunklen Künste Veronica Smethley
1%
Zauberer w Mitarbeiterin des Britischen Zaubereiministeriums Wakanda
1%
Zauberer m Zauberer, der eine Methode zur Zähmung von Wampuskatzen patentierte Abel Treetops
0%
Zauberer ? Hogwarts-Schüler*in in den 1970er oder 1980er Jahren B. Dunstan
0%
Zauberer w Hexe, die im 11. Jahrhundert in Queerditch Marsh lebte Gertie Keddle
0%
Zauberer m Magizoologe und Autor von „Warum ich nicht starb, als der Augurey schrie“ Gulliver Pokeby
0%
Zauberer m Schottischer Zauberer, der in den 1100er Jahren lebte Guthrie Lochrin
0%
Zauberer ? Hogwarts-Schüler*in in den 1990er Jahren J. Dorny
0%
Zauberer m Sucher bei der englischen Quidditch-Mannschaft „Tutshill Tornados“ Roderick Plumpton
0%
Zauberer ? Erfinder*in des Revelationszaubers Scarpin
0%
Zauberer m Magizoologe, der einer der vier Personen war, die halfen, ein Drachenbaby aus Hogwarts zu holen Talbott Winger
0%
Keine übereinstimmenden Quizze gefunden
Verteilung der Resultate
Anzahl Personen mit jedem Resultat
Perzentil nach korrekt beantworteten Fragen
Ihre Resultats-Entwicklung
Sie haben dieses Quiz noch nicht gespielt